000 00708nab a2200301 a 4500
001 30965
003 96709
005 20240712161200.0
008 ||||||n9999 ||| || ||
020 _a8420620858
041 _aspa
082 _219
_a335
100 _aCarr, Edward Hallett, 1892-1982
245 0 _aEl socialismo en un solo pais (1924-1926) (v1)
260 _aEspaƱa :
_bALIA1,
_c1974.
300 _av1 553p
490 _aAlianza Universidad
_v85
562 _e1
650 _aHISTORIA
650 _aRUSIA
650 _aSOCIALISMO
773 _04431
_aEl socialismo en un solo pais
942 _cBKM
942 _cBKM
999 _c30965
_d30965
526 _a4969
526 _a51868
526 _a1697